01348cam a2200301 a 450000100090000000300050000900500170001400800410003101000170007201500190008901600180010802000360012602000150016203500240017703800120020104000350021304200080024805000210025608200160027724501030029326000540039630000460045050000220049650400530051850504160057165000370098770000220102415821600NUST20191024111604.0090717s2010 fluab b 001 0 eng  a 2009026759 aGBA9765192bnb7 a0153414662Uk a9780415549745 (hc : alk. paper) a0415549744 a(OCoLC)ocn427438296 aMSOHAIL aDLCcDLCdBWKUKdUKMdUWWdDLC apcc00aTC175b.P73 201000a627.04222200aPractical channel hydraulics :broughness, conveyance and afflux /cDonald W. Knight ... [et al.]. aBoca Raton [Fla.] ;aLondon :bCRC Press,cc2010. axxvi, 354 p. :bcol. ill., maps ;c25 cm. a"A Balkema book." aIncludes bibliographical references and indexes.0 a1. Introduction -- 2. Practical and theoretical issues in channel hydraulics -- 3. Understanding roughness, conveyance and afflux -- 4. Practical issues - roughness, conveyance and afflux -- 5. Further issues on flows in rivers -- 6. Concluding remarks -- App. 1. finite element approximations for the CES equations -- App. 2. Summary of hydraulic equations used in the AES -- App. 3. Cross-section survey data. 0aChannels (Hydraulic engineering)1 aKnight, Donald W.